000 00680nam a2200265Ia 4500
005 20260121170847.0
008 008 260114s9999 xx 000 0 eng d
020 _a9783319959696
037 _aEBOOK
040 _aCRL
040 _beng
040 _cCRL
041 _2eng
041 _aeng
084 _qCRL
100 _aMaren Heidemann, Joseph Lee
_91069056
245 4 _aThe Future of the Commercial Contract in Scholarship and Law Reform
260 _bSpringer
260 _bSpringer
260 _c2018
856 _uhttps://link.springer.com/openurl?genre=book&isbn=978-3-319-95969-6
942 _cEBOOK
999 _c1634786
_d1634786